00309nam a2200109 a 4500008004100000050001800041100001800059245006300077260003000140300002000170350000900190120416s1967 ||||||||||||||||| || u aQC 174.12 Lin aLindsay, P. A10aIntroduction to quantum mechanics for electrical engineers aLondonbMcGraw-Hillc1967 axi, 240p. : ill a0.00